| 000 | 02478nam0a2200397 4500 | ||
|---|---|---|---|
| 001 | RU\NLR\BIBL_A\022522183 | ||
| 005 | 20260408135904.0 | ||
| 035 | _a(NLR Aleph) 022522183 | ||
| 090 |
_a13399279 _c13399279 |
||
| 100 | _a20250414d1905 |||y0rusy50 ca | ||
| 101 | 0 | _arus | |
| 102 | _aRU | ||
| 105 | _aa z 000yy | ||
| 181 | 0 |
_ai _bxxxe |
|
| 182 | 0 | _an | |
| 200 | 1 |
_aИз жизни рыб _f[сочинение] А. А. Климонтовича |
|
| 203 |
_aТекст _bвизуальный _cнепосредственный |
||
| 210 |
_aС.-Петербург [Санкт-Петербург] _cиздание С.-Петербургскаго Общества Грамотности _d1905 _gТипография Императорскаго Человеколюбиваго О-ва |
||
| 215 |
_a91 с. _cил. _d20 |
||
| 300 | _aНа обл.: № 35 | ||
| 316 |
_aЭкз. РНБ (18.394.4.69(1)): приплетена 1 кн. _5NLR: 18.394.4.69(1) |
||
| 317 |
_aС экслибрисами: на форзаце штамп: "8-ое Мужск. 4-х классн. имени Д. И. Менделеева город. учил."; на тит. с. штампы: "Ленинградский Городской Отдел Народного Образования, Красногвардейский район, Средняя школа № 135", "Политпросветцентр Володарского района, Районный передвижной фонд" _5NLR: 18.394.4.69(1) |
||
| 606 | 1 |
_aРыбы _xЭкология _91129520 _3RU\NLR\AUTH\66129104 |
|
| 686 | 3 | _aЕ681.921 | |
| 700 | 1 |
_aКлимонтович _bА. А. |
|
| 712 | 0 | 2 |
_4475 _aПетербургское общество грамотности _3RU\NLR\AUTH\889953006 _9401978 |
| 712 | 0 | 2 |
_4390 _aПетербургское городское 4-х классное мужское училище им. Д. И. Менделеева _c8 _3RU\NLR\AUTH\880626465 _92658833 |
| 712 | 0 | 2 |
_4390 _aСредняя школа _c135; Ленинград _3RU\NLR\AUTH\880626466 _92658834 |
| 712 | 0 | 2 |
_4390 _aЛенинградский городской политико-просветительный центр _bВолодарский районный передвижной фонд _3RU\NLR\AUTH\880626470 _92658838 |
| 852 |
_aNLR _j34.53.5.317 |
||
| 852 |
_aNLR _j18.394.4.69(1) |
||
| 942 | _cBOOK | ||
| 980 | _aNB | ||